000 00831nam a2200205Ia 4500
001 12365
003 GE_BSU
008 181216s||||||||xx |||||||||||||| ||und||
040 _cGE_BSU
080 _a633.9
245 _aИнтродукция растении и зеленое строительство. Декоративные и другие полезные растения в природе и культуре
245 _cРед.С.Д.Вихрев
250 _a8-ое
260 _aМосква
260 _bАкад.Наук СССР
260 _c1962
300 _a275стр.26см.
653 _aИнтродукция растении и зеленое строительство. Декоративные и другие полезные растения в природе и культуре
942 _cBK
999 _c45540
_d45540